01247cac a2200301 i 4500003000900000005001700009008004100026016001800067040004300085043001200128082001400140245008500154246002200239250001800261264004200279300003100321336002600352337002600378338003600404650004600440650006300486650005000549655001100599700009900610776008800709776008800797856006000885EG-GICUC20260121101651.0260106c2005 nyuar fr 0 a0eng d7 a0184573572Uk aEG-GICUCbengcEG-GICUCdEG-GICUCerda an-us---04a343.322100aLeading constitutional cases on criminal justice / cedited by LLoyd L. Weinreb.13aCriminal justice  a2005 edition. aNew York : bFoundation Press,c2005. axiii, 1181 pages ; c26 cm atextbtxt2rdacontent aComputerbn2rdamedia aOnline REsourcebnc2rdacarrier 0aCriminal procedurezUnited StatesvCases. 0aCriminal justice, Administration ofzUnited StatesvCases. 7aCriminal procedure.2fast0(OCoLC)fst00883421 4aCases.1 aWeinreb, Lloyd L.,d1936-2021.1https://id.oclc.org/worldcat/entity/E39PBJdRvQptP6hdJdkVmDBHG308iOnline version:tLeading constitutional cases on criminal justicew(OCoLC)56521322508iOnline version:tLeading constitutional cases on criminal justicew(OCoLC)60589240340uhttps://fll.law.cu.edu.eg/fulltext/bks/ENGB10-00159.pdf